Quantum fields : algebras, processes /

Bibliographic Details
Corporate Author: Universität Bielefeld. Zentrum für Interdisziplinäre Forschung
Other Authors: Streit, Ludwig, 1938-
Format: Book
Language:English
Published: Wien ; New York : Springer-Verlag, [1980]
Subjects:

MARC

Tag First Indicator Second Indicator Subfields
LEADER 00000pam a2200000 a 4500
001 in00000070344
005 20151008061713.0
008 800722s1980 au a b 10000 engm
010 |a  80019953  
020 |a 3211816070 (Wien) 
020 |a 0387816070 (U.S.) 
035 |a (OCoLC)06603422 
035 |9 AAJ8641AM 
040 |a DLC  |c DLC  |d m.c.  |d TXA  |d UtOrBLW 
049 |a TXAM  |c [1195787] 
050 0 0 |a QC174.45.A1  |b Q363 
082 0 |a 530.1/43  |2 19 
245 0 0 |a Quantum fields :  |b algebras, processes /  |c edited by Ludwig Streit. 
264 1 |a Wien ;  |a New York :  |b Springer-Verlag,  |c [1980] 
264 4 |c ©1980 
300 |a ix, 444 pages :  |b illustrations ;  |c 25 cm. 
336 |a text  |b txt  |2 rdacontent 
337 |a unmediated  |b n  |2 rdamedia 
338 |a volume  |b nc  |2 rdacarrier 
500 |a "Proceedings of the symposium, 'Bielefeld Encounters in Physics and Mathematics II: Quantum Fields--Algebras, Processes,' with the workshop, 'White Noise Approach to Quantum Dynamics' at the Centre for Interdisciplinary Research, Bielefeld University, Federal Republic of Germany, December 1-9, 1978." 
504 |a Includes bibliographical references. 
650 0 |a Quantum field theory  |v Congresses. 
650 0 |a Algebra  |v Congresses. 
650 0 |a Representations of groups  |v Congresses. 
700 1 |a Streit, Ludwig,  |d 1938- 
710 2 |a Universität Bielefeld.  |b Zentrum für Interdisziplinäre Forschung. 
999 |a MARS 
999 f f |s e6fab388-65bc-32af-8163-95603c4f12b5  |i 08c84c70-d727-302a-898d-d2e8937b3cdd  |t 0 
952 f f |p ric  |a Texas A&M University  |b Rellis Campus  |c Joint Library Facility  |d Remote Storage  |t 0  |e QC174.45.A1 Q363  |h Library of Congress classification  |i unmediated -- volume  |m A14806207924 
998 f f |a QC174.45.A1 Q363  |t 0  |l Remote Storage